Pays d'origine des joueurs de la Premier League anglaise - Statistiques

Statistiques générales
  • Ce quiz a été pris 407 fois
  • Le résultat moyen est 15 sur 20
Statistiques - réponses
Nombre de joueurs Pays % Correct
33 France
99%
255 Angleterre
98%
35 Espagne
97%
12 Allemagne
94%
36 Brésil
94%
28 Portugal
93%
14 Argentine
91%
11 Belgique
90%
21 Irlande
87%
17 Pays-Bas
85%
22 Écosse
77%
8 États-Unis
76%
9 Suède
73%
7 Suisse
73%
15 Danemark
66%
18 Pays de Galles
66%
8 Colombie
56%
9 Côte d'Ivoire
52%
8 Nigeria
44%
9 Ghana
38%
Aucun quiz correspondant
Distribution des résultats
% des personnes avec chaque résultat
Percentile par nombre de réponses
Votre historique - résultats
Vous n’avez pas pris ce quiz